00351nam a2200109Ia 4500008004100000020001500041082001900056100001800075245005700093260007200150650001900222220204s9999 xx 000 0 und d a8185116466 a631.86:01bTAN aTandon, H L S 0aOrganic recycling and biofertilisation in South Asia aNew DelhibFertilizer Development & Consultation Organizationc2001 aVermicomposing